De l'interprétation au cirque (notice n° 1622913)

détails MARC
000 -LEADER
fixed length control field 02305cam a2200169 4500500
005 - DATE AND TIME OF LATEST TRANSACTION
control field 20260111092149.0
041 ## - LANGUAGE CODE
Language code of text/sound track or separate title fre
042 ## - AUTHENTICATION CODE
Authentication code dc
100 10 - MAIN ENTRY--PERSONAL NAME
Personal name Hotier, Hugues
Relator term author
245 00 - TITLE STATEMENT
Title De l'interprétation au cirque
260 ## - PUBLICATION, DISTRIBUTION, ETC.
Date of publication, distribution, etc. 2001.<br/>
500 ## - GENERAL NOTE
General note 64
520 ## - SUMMARY, ETC.
Summary, etc. Les promoteurs du Cirque éducatif n’ont jamais fait mystère de leur militantisme et ne cachent pas que le cirque est un excellent vecteur de valeurs humaines et sociales. Bref, le Cirque éducatif délivre un message dans la mesure où il montre aux enfants qu’il est possible de vivre et de travailler ensemble sans se soucier de la couleur de la peau ou de la religion (le cosmopolitisme est un des fondements du cirque) et où il affiche les notions de sincérité (pas de play-back au cirque), d’effort, de courage, etc... Le paradoxe est que le cirque est avant tout perçu comme une distraction. Effectivement, les animateurs du Cirque éducatif considèrent que le cirque est un lieu d’émotion plus que de réflexions, émotions largement supportées par la puissance du non-verbal. Il faut donc faire passer le message par induction sans nuire à la réception du spectacle.
520 ## - SUMMARY, ETC.
Summary, etc. The promoters of educational circus have never been mysterious about their being militants and do not conceal the fact that the circus is an excellent driving force for human and social values. In short, educational circus delivers a message in so far as it shows to children that it is possible to live and work together without taking care of skin colour or of religion (cosmopolitanism is one of the foundations of the circus), and it defends notions such as sincerity (no play-back in the circus), effort, courage, etc... paradoxally enough, the circus is perceived as entertainment before everything. As a matter of fact, activity leaders in educational circus feel that the circus is a place for emotions more than reflexions, emotions which are largely brought about by the power of the non-verbal. It is then necessary to carry the message across thanks to induction without harming the way the show is received.
786 0# - DATA SOURCE ENTRY
Note Études de communication | 24 | 2 | 2001-12-01 | p. 3-3 | 1270-6841
856 41 - ELECTRONIC LOCATION AND ACCESS
Uniform Resource Identifier <a href="https://shs.cairn.info/revue-etudes-de-communication-2001-2-page-3?lang=fr&redirect-ssocas=7080">https://shs.cairn.info/revue-etudes-de-communication-2001-2-page-3?lang=fr&redirect-ssocas=7080</a>

Pas d'exemplaire disponible.

PLUDOC

PLUDOC est la plateforme unique et centralisée de gestion des bibliothèques physiques et numériques de Guinée administré par le CEDUST. Elle est la plus grande base de données de ressources documentaires pour les Étudiants, Enseignants chercheurs et Chercheurs de Guinée.

Adresse

627 919 101/664 919 101

25 boulevard du commerce
Kaloum, Conakry, Guinée

Réseaux sociaux

Powered by Netsen Group @ 2025